Los hermanos Ameghino en la Patagonia /
Florentino Ameghino, conocido como "el loco de los huesos", encontró su primer fósil en Mercedes: el de un gigantesco perezoso terrestre. En su viaje por la Patagonia, trató de probar la teoría según la cual el hombre se había originado en América, particularmente en el territorio argentin...
Guardado en:
| Autor Principal: | |
|---|---|
| Autor Corporativo: | |
| Formato: | |
| Publicado: |
Argentina,
2008
|
| Series: | Naturalistas viajeros
|
| Materias: | |
| Acceso en línea: | https://www.educ.ar/recursos/101721/los-hermanos-ameghino-en-la-patagonia |
| Etiquetas: |
Agregar Etiqueta
Sin Etiquetas, Sea el primero en etiquetar este registro!
|
| LEADER | 01418ngm a22003975g 4500 | ||
|---|---|---|---|
| 001 | CEM.cems023729 | ||
| 008 | 130507s2008##################0###0#####d | ||
| 005 | 20250630144919.0 | ||
| 245 | 1 | 0 | |a Los hermanos Ameghino en la Patagonia / |c Pablo Chiarelli. |
| 260 | |a Argentina, |c 2008 | ||
| 300 | |a 28'. | ||
| 490 | 0 | |a Naturalistas viajeros | |
| 500 | |a Consultar en ventanilla. | ||
| 538 | |a Soporte: DVD - Color: Si - Grabación DRD. | ||
| 520 | |a Florentino Ameghino, conocido como "el loco de los huesos", encontró su primer fósil en Mercedes: el de un gigantesco perezoso terrestre. En su viaje por la Patagonia, trató de probar la teoría según la cual el hombre se había originado en América, particularmente en el territorio argentino. | ||
| 100 | 1 | |a Chiarelli, Pablo | |
| 710 | 2 | |a Canal Encuentro. | |
| 082 | 9 | 4 | |/ CHI |
| 653 | |a EXPLORADORES | ||
| 653 | |a CIENCIAS NATURALES | ||
| 653 | |a CIENTIFICOS | ||
| 653 | |a CIENCIA | ||
| 653 | |a NATURALISMO | ||
| 653 | |a GEOLOGIA | ||
| 653 | |a ARQUELOGIA | ||
| 653 | |a BIOLOGIA | ||
| 653 | |a ESPECIES | ||
| 653 | |a BOTANICA | ||
| 653 | |a ZOOLOGIA | ||
| 653 | |a EVOLUCION | ||
| 653 | |a FOSILES | ||
| 653 | |a PATAGONIA | ||
| 653 | |a AMEGHINO | ||
| 653 | |a SERIE DE TELEVISIÓN | ||
| 856 | |u https://www.educ.ar/recursos/101721/los-hermanos-ameghino-en-la-patagonia | ||
| 859 | |a CEMS |b BIB. CEMS - Depto. Recursos Didacticos |h 940 |i CHI |k DRD |p 2372.15 |t Ej.1 | ||
